MDQL
is popping MORE tags! Check the
thread
!
Quizzes
Events
Quiz Creation
Community
Videos
Private Events
Remove Ads
Sign In
Join for FREE
Feedback
Dark Mode
Quiz Categories
Sports
Geography
Music
Movies
Television
Just For Fun
Miscellaneous
History
Literature
Language
Science
Gaming
Entertainment
Religion
Holiday
For Kids
Quiz Lab
Recent
Popular Today
Quiz Kudos Today
Editor Picks
Curator Picks
Quizzes by...
Day
Popularity
Type
Ratings
Length
Year
Community
Subscriptions
Recent Discussions
Orange Saloon
Badges
Playlists
Quests
Create
Leaderboards
Showdown
Live 5
Trivia Bingo
Activity
Puzzle Library
Sporcle Events
Private Events
Virtual Trivia
Globe League
Become a Host
Pub Owners
SporcleCon
Opinionation
Our Games
Videos
Blog
Mobile Apps
Partnerships
Remove Ads and Go Orange
Feedback
Sports
Athletes
MLB
NBA
NHL
NFL
Soccer
Sports Teams
WWE
NCAA
Football
Premier League
Basketball
Baseball
Hockey
Golf
Tennis
Cricket
Rugby
Auto Racing
Olympics
World Cup
Sports
Athletes
MLB
NBA
NHL
NFL
Soccer
Sports Teams
WWE
NCAA
Football
Premier League
Basketball
Baseball
Hockey
Golf
Tennis
Cricket
Rugby
Auto Racing
Olympics
World Cup
Random Quiz
Search Sporcle
×
Quiz Lab
Quiz Lab
Sports
Football
Type in answers that appear in a list
Type in answers that appear in a list
Classic
Best Score? Go Orange.
Untimate World Soccer(football) fan Stats
Can you name the Clubs in each top division of the world??
By
knaan
14m
150 Questions
1,079 Plays
1,079 Plays
1,079 Plays
Comments
Comments
Give Quiz Kudos
Give Quiz Kudos
-
- Ratings
hide this ad
More Info
Replay
Link that replays current quiz
Next Quiz
Link to next quiz in quiz playlist
You Got
0%
They Got
Avg Score
40%
Avg Friend Score
Upgrade to see
Score Distribution
Jump to the score distribution portion of the page
Score
0/150
Timer
14:00
0
Plays Today
World Teams
Correct Club
% Correct
USA
Los Angeles Galaxy
88.5%
Spain
Barcelona
88%
Spain
Real Madrid
86.8%
England
Manchester United
85.9%
England
Arsenal
85.7%
England
Manchester City
83.8%
England
Liverpool
82.9%
England
Chelsea
82.8%
Italy
Inter
82.8%
Italy
AC Milan
80.4%
Germany
Bayern Munich
79.1%
England
Newcastle
78.1%
England
Tottenham
77.8%
France
Lyon
77.3%
England
Everton
76.6%
England
Aston Villa
76.3%
Italy
Juventus
75%
England
West Ham United
74.2%
USA
New York
73.4%
England
Fulham
72.2%
Spain
Valencia
71.8%
England
Blackburn
70.4%
France
OM
70.2%
England
Bolton
70.2%
England
Wigan Athletic
70.1%
Italy
Roma
70.1%
Spain
Atletico Madrid
69.5%
England
Sunderland
69.4%
England
West Bromwich
68.7%
England
Birmingham
68.6%
England
Wolverhampton
67.9%
England
Blackpool
66.1%
Mexico
Chivas
63.9%
Spain
Villareal
61.5%
France
PSG
61.5%
Spain
Athletic Bilbao
60.9%
England
Stoke City
60.9%
Italy
Lazio
60.3%
Brazil
Santos
56.6%
Germany
Borussia Dortmund
56.6%
Spain
Sevilla
56.5%
USA
Chicago
55.5%
Italy
Fiorentina
53.4%
France
Bordeaux
53.2%
Germany
Wolfsburg
52.4%
Italy
Napoli
51.8%
Germany
Bayer Leverkusen
51.7%
Germany
Werder Bremen
51.6%
Germany
Schalke
49.3%
France
Lille
49.1%
World Teams
Correct Club
% Correct
USA
Seattle
49%
Germany
Hamburg
48.7%
Spain
Mallorca
47.6%
Brazil
Corinthians
47.3%
Spain
Espanyol
47%
Spain
Deportivo La Coruna
44.9%
Italy
Palermo
44.9%
Italy
Sampdoria
44.9%
Italy
Parma
43.7%
Brazil
Sao Paulo
42.9%
Italy
Udinese
42.8%
USA
FC Dallas
42.5%
Germany
Stuttgart
42.1%
Brazil
Flamengo
41.7%
Spain
Getafe
41.5%
Spain
Malaga
41.1%
Italy
Genoa
40.9%
USA
DC United
40.4%
Spain
Zaragoza
40%
USA
Houston
38.6%
Mexico
America
38%
Italy
Bari
37.8%
Spain
Real Sociedad
36.7%
Italy
Chievo
36.1%
France
Auxerre
35.9%
USA
Toronto
35.7%
USA
Chivas USA
34.7%
Spain
Osasuna
34.6%
USA
San Jose
33.4%
Germany
Hoffenheim
33.4%
Spain
Sporting
33.1%
Italy
Cagliari
33%
Spain
Racing Santander
32.8%
Italy
Bologna
32.8%
France
Nice
32.1%
Spain
Almeria
31.2%
Germany
Koln
30.8%
USA
Columbus
30.3%
Brazil
Gremio
29.4%
France
Rennes
29.3%
USA
Philadelphia
28.8%
Germany
Eintracht Frankfurt
28.8%
France
Montpellier
28.7%
Spain
Hercules
28.6%
USA
Real Salt Lake
28.5%
France
Toulouse
28.5%
USA
Colorado
27.9%
Brazil
Fluminense
27.7%
Italy
Catania
27.3%
Brazil
Vasco
27%
World Teams
Correct Club
% Correct
France
Lens
27%
France
Nancy
26.8%
Italy
Brescia
25.9%
Spain
Levante
25.8%
France
AS Monaco
25.6%
Brazil
Palmeiras
25.4%
Italy
Lecce
24.7%
Mexico
Cruz Azul
24.6%
Brazil
Botafogo
23.3%
Mexico
Pumas
23%
Germany
Borussia Monchengladbach
22.2%
Germany
Kaiserslautern
22%
Brazil
Internacional
21.9%
France
Saint-Etienne
21.8%
France
Lorient
21.5%
France
Sochaux
20.3%
Germany
St. Pauli
20%
Italy
Cesena
19.6%
France
Valenciennes
19.4%
Germany
Hannover 96
19.4%
Mexico
Tigres
19%
Brazil
Cruzeiro
18.4%
France
Caen
18.1%
Germany
Freiburg
18%
Mexico
Monterrey
17.7%
France
Brest
17.3%
Mexico
Pachuca
16.9%
Germany
Nuremberg
16.3%
Mexico
Atlas
15.2%
Mexico
Necaxa
14.9%
Mexico
Atlante
14%
Mexico
Toluca
13.8%
Mexico
Jaguares
12.8%
Mexico
Santos Laguna
12.6%
Germany
Mainz 05
12.5%
Mexico
Puebla
11.9%
France
Avignon
11.3%
Brazil
Atletico Mineiro
11.1%
Brazil
Goias
10.9%
Brazil
Atletico Paranaense
9.5%
Mexico
Morelia
9.3%
Brazil
Vitoria
9.1%
Mexico
San Luis
8.6%
Mexico
Estudiantes Tecos
8.3%
Brazil
Avai
8.3%
Mexico
Queretaro
8.2%
Brazil
Prudente
7.7%
Brazil
Guarani
6.6%
Brazil
Ceara
5.8%
Brazil
Atletico Goianiense
5%
Quiz Playlist
Details
Report
Send in Message
Add To Playlist
More Info:
as of 2010-2011 season. You must name all the clubs in the top league of the 8 top nations. USA,Mexico,Brazil,Spain,England,France,Italy and Germany
Classic:
Type in answers that appear in a list
Last Updated: Feb 16, 2017
Quiz Scoreboard
CHALLENGE
Sign Up to Join the Scoreboard
Show All
Scores
Hide
Comments
May contain spoilers
Recently Published
1-10 Letter E Words III
by El_Dandy
Language
2m
Street Fighter Characters
by Artimus82
Gaming
60s
College Basketball Coaching Resumes
by pancakes188
Sports
9m
More to Explore
Quiz From the Vault
Featured Blog Post
Where Did the Easter Bunny Come From?
hide this ad
You Might Also Like...
Tags
Football Quiz
Soccer Quiz
World Quiz
club
Division
fan
team
Today's Top Quizzes in Sports
Browse Sports
hide this ad
Today's Top Quizzes in Football
Browse Football
Top Contributed Quizzes in Sports
1
2022 World Cup Stars
2
Les meilleurs buteurs des matchs entre le PSG et l’OM
3
FIFA Club World Cup Champions
4
Les entraîneurs de l'OM et du PSG au 21e siècle
5
Criteria MLB: Left Handed Sluggers
6
2023 MLB Unique Player Accomplishments
7
AFC Teams Reveal (Wrong Answers Minefield)
8
Players with Multiple 50 Home Run Seasons
9
5-to-1: FBS Animal Nicknames
10
5-to-1: UK Sports Teams
Explore More
Trending Topics
Crossword
Harry Potter
Marvel
NBA
Kpop
Disney
Anime
Soccer
WWE
Pokémon
The Office
Song
Country
NFL
Puzzle
hide this ad
More By:
knaan
Quiz
Plays
Rating
Category
Featured
Created
Untimate World Soccer(football) fan
1,079
2.44
Sports
Jul 31, 2010
Pulp Fiction Quotes
478
4.00
Movies
Aug 1, 2010
Men's College Tennis National Champions
306
3.00
Sports
Aug 1, 2010
Top 30 American tennis players in ATP
245
5.00
Sports
Aug 2, 2010
The yo-yo clubs of England
218
5.00
Sports
Aug 5, 2010
Go to Creator's Profile
Score Distribution
Quiz Creator Spotlight
knaan
Follow
Send a Message
Quizzes Created
-
Created Quiz Play Count
-
More By This Creator
Popular Quizzes Today
1
Find the US States - No Outlines Minefield
2
Find the Countries of Europe - No Outlines Minefield
3
The Countries of the World
4
Find the US States
5
Risky Map Clicking: Biggest States A-Z
6
US States
7
Popular People in 1961
8
Movies - When Are They Set?
More Sports Quizzes
NBA: Best Percentage on Corner 3's 1996-2014
Editor's Pick
Trending Quizzes
Risky Map Clicking: Least Populous States A-Z
1-10 Letter G Words
1-10 Letter F Words
Countries of the World: 200 Million BC
Risky Map Clicking: Next State Alphabetically
Recently Updated
Rides in Walt Disney World
pecheneg
Most Oscar Losses (Acting)
pecheneg
Beyoncé Albums
pecheneg
Leaping Animals
pecheneg
Reality TV Shows (A-Z)
bhenderson79
Rickey Henderson's Hall of Fame Teammates
pecheneg
Champions League XIs: Arsenal
pecheneg
Quick Pick: Celebrities in WWE's Hall of Fame
aduchscher
A-Z Keypad Blitz II
pecheneg
Multiple Oscar Actors
pecheneg
Trending Topics
Marvel
Kpop
NBA
Anime
Harry Potter
Crossword
Disney
Soccer
NFL
WWE
The Office
Song
Country
Pokémon
Puzzle
Your Account Isn't Verified!
In order to create a playlist on Sporcle, you need to verify the email address you used during registration. Go to your
Sporcle Settings
to finish the process.
Report this User
Report this user for behavior that violates our
Community Guidelines
.
Details:
Send Report
Go to the Sporcle.com Mobile Site →
Comments